000 00358nam a2200133Ia 4500
008 190216s9999||||xx |||||||||||||| ||und||
100 _aMichell J Sienko And Robert A Plane
245 0 _aExperimental Chemistry
250 _a6th Ed.
260 _bTata Mcgraw Hill Publishing Company Ltd
_c1985
300 _a392
650 _aChemistry-Chemistry
942 _cBK
999 _c2649
_d2649